| 000 | 01383nam0a2200349 4500 | ||
|---|---|---|---|
| 001 | RU\NLR\BIBL_A\022521733 | ||
| 005 | 20250626161015.0 | ||
| 010 |
_a978-5-04-209845-1 _92000 |
||
| 021 |
_aRU _bКН-П-25-010246 _9КН-П-25-1041 |
||
| 035 | _a(NLR Aleph) 022521733 | ||
| 090 |
_a13428843 _c13428843 |
||
| 100 | _a20250414d2025 u y0rusy50 ca | ||
| 101 | 0 | _arus | |
| 102 | _aRU | ||
| 105 | _aa z 000yy | ||
| 181 | 0 |
_ai _baxxe |
|
| 182 | 0 | _an | |
| 200 | 1 |
_aДостали! _eинструкция по выживанию с родителями _fЛюдмила Чиркова |
|
| 203 |
_aТекст _bвизуальный _cнепосредственный |
||
| 210 |
_aМосква _cЭксмо, Бомбора _d2025 |
||
| 215 |
_a270 с. _cил. _d20 |
||
| 225 | 1 | _aSelf-help для подростков | |
| 225 | 1 | _aУже не маленький, еще не взрослый. Психология для подростков простыми словами | |
| 333 | _a16+ | ||
| 606 | 1 |
_aДети и родители _xПсихологическая служба _92100863 _3RU\NLR\AUTH\661270599 |
|
| 686 | 1 | _aС550.325 | |
| 686 | 1 | _aЮ984.92 | |
| 700 | 1 |
_7ca _8rus _aЧиркова _bЛ. М. _gЛюдмила Михайловна _9113322 _3RU\NLR\AUTH\773321 |
|
| 942 | _cBOOK | ||
| 980 | _aNB | ||